| 000 | 00827nam a2200229 a 4500 | ||
|---|---|---|---|
| 001 | 40440 | ||
| 003 | BD-RjUL | ||
| 005 | 20211209053219.0 | ||
| 008 | 160502s1965 bg ||||| |||| 00| 0 ben d | ||
| 020 | _c: TK 25.00 | ||
| 035 | _a(BD-RjUL) | ||
| 040 |
_aBD-RjUL _bben _cBD-RjUL |
||
| 041 | _aben | ||
| 082 |
_223 _a155.4 _bKHS 1965 |
||
| 100 |
_aখান, মোহাম্মদ ফেরদাউস _9124577 |
||
| 245 | 1 | 0 |
_aশিশুমনের পরিপুষ্টি / _cমোহাম্মদ ফেরদাউস খান |
| 260 |
_aঢাকা : _bবাংলা একাডেমী, _c১৯৬৫ |
||
| 300 |
_a[৬], ৪৮ পৃ. ; _c১৯ সেমি. |
||
| 650 |
_aশিশু মনোবিজ্ঞান _9124586 |
||
| 650 |
_aChild Psychology _9124587 |
||
| 942 |
_2ddc _cBK |
||
| 999 |
_c40440 _d40440 |
||